Canadian Musical Acts with the Most Hit Songs in the U.S. - Statistics

General Stats
  • This quiz has been taken 40 times
  • The average score is 9 of 16
Answer Stats
# Highest Song Artist % Correct
21 Love Yourself Justin Bieber
92%
40 God's Plan Drake
89%
18 Blinding Lights The Weeknd
84%
8 Complicated Avril Lavigne
73%
13 (Everything I Do) I Do It for You Bryan Adams
70%
10 Because You Loved Me Celine Dion
68%
9 How You Remind Me Nickelback
68%
5 American Woman The Guess Who
65%
4 Promiscuous Nelly Furtado
62%
5 You're Still the One Shania Twain
62%
8 Senorita Shawn Mendes
62%
8 Danny's Song Anne Murray
32%
6 Greedy Tate McRae
30%
4 Angel Sarah McLachlan
24%
9 Lonely Boy Paul Anka
22%
4 What in the World's Come Over You Jack Scott
3%
No matching quizzes found
Score Distribution
Percent of People with Each Score
Percentile by Number Answered
Your Score History
You have not taken this quiz